000 01154cam a2200337 a 4500
003 OSt
005 20140310184501.0
008 010706s2002 nyua b 000 1 eng
010 _a 2001049055
020 _a 0439273080
040 _aDLC
_cDLC
_dDLC
042 _alcac
050 0 0 _aPZ 7
_b.L5884Cl 2002
100 1 _aLewison, Wendy Cheyette.
_96414
245 1 0 _aClifford's loose tooth /
_cadapted by Wendy Cheyette Lewison ; illustrated by John and Sandrina Kurtz.
260 _aNew York :
_bScholastic,
_c2002.
300 _bcol. ill. ;
_c23 cm.
440 0 _aBig red reader
_923192
521 _aG2
526 _c460
650 1 _aDogs
_vFiction.
_928668
650 1 _aTeeth
_vFiction.
_928669
650 1 _aTooth Fairy
_vFiction.
_928670
700 1 _aKurtz, John,
_d1955-
_eill.
_928671
700 1 _aKurtz, Sandrina,
_eill.
_928672
700 1 _aBridwell, Norman.
_923197
906 _a7
_bcbc
_corignew
_d1
_eocip
_f20
_gy-gencatlg
942 _2lcc
_cBK-SCHOLAS
999 _c34743
_d34743